000 01562nam a2200277Ia 4500
003 Ost
005 20260416102354.0
008 260416s9999||||xx |||||||||||||| ||und||
040 _cfsecg
041 _aara
082 _a338.733
100 _aمباني، محمد
_eمؤلف
245 0 _a إقتصاد المؤسسة /
_c محمد مباني
260 _aالجزائر
_bجامعة الجزائر3: كلية العلوم الإقتصادية، العلوم التجارية وعلوم التسيير
_c2019
300 _a80 ورقة
_bايضاحات
_c30 سم
504 _aمراجع ص.76
520 _aماهية المؤسسة الاقتصادية، بيئة أو محيط المؤسسة الاقتصادية، التنظيم و الهيكل التنظيمي في المؤسسة الاقتصادية، وظيفة التسويق في المؤسسة الاقتصادية، وظيفة التموين في المؤسسة الاقتصادية، وظيفة الانتاج في المؤسسة الاقتصادية، الوظيفة المالية، وظيفة تسيير الموارد البشرية، تقييم آداء المؤسسة، أنماط نمو المؤسسة.
653 _aالاقتصاد
653 _aالانتاج
653 _aالتسويق
653 _aالتموين
653 _aالشركات
653 _aالشركات-اقتصاد
710 _aجامعة الجزائر3: كلية العلوم الإقتصادية، العلوم التجارية وعلوم التسيير
_eناشر علمي
942 _cHANDOUT
999 _c41123
_d41123